| 000 | 01311nam a22003017a 4500 | ||
|---|---|---|---|
| 005 | 2012121702412.0 | ||
| 008 | 121217t xxu||||| |||| 00| 0 eng d | ||
| 010 | _aENG-106373 | ||
| 020 |
_a9789380607245 _c795.00 |
||
| 035 | _aEN-89906 | ||
| 037 | _bDBAD/PUB | ||
| 040 |
_aDPL _bENG |
||
| 082 | 0 | 4 |
_a362.10954792 _223 |
| 100 | 1 |
_aRamanna, Mridula _954350 |
|
| 245 | 1 | 0 |
_aHealth care in Bombay Presidency,1896-1930 / _cby Mridula Ramanna |
| 260 |
_aDelhi _bPrimus Books _c2012 |
||
| 270 |
_aVirat Bhavan, Mukherjee Nagar Commercial Complex _bDelhi _e110009 |
||
| 300 |
_aviii, 202 p. : _bill. _c25cm(Hb) |
||
| 500 | _aSequel to: Western medicine and public health in colonial Bombay, 1845-1895. | ||
| 500 | _aIncludes bibliographical references (p. [189]-197) and index. | ||
| 650 | 0 |
_aMedical care _zIndia _zMumbai _xHistory _y19th century. _954351 |
|
| 650 | 0 |
_aMedical care _zIndia _zMumbai _xHistory _y20th century. _954352 |
|
| 650 | 0 |
_aPublic health _zIndia _zMumbai _xHistory. _954353 |
|
| 650 | 0 |
_aMedical policy _zIndia _zMumbai _xHistory. _954354 |
|
| 942 |
_2ddc _cEN _h362.10954792 _mRAM |
||
| 999 |
_c72198 _d72198 |
||